Записки барона Шиллинга М. Ф. Выписки из статьи Попова "Сношения России с Римом"

Доступно только в Электронных читальных залах Найти на картеНа карте
RUSMARC
00003802nac2a22002653x 450
0015d1377c2-0778-49dd-bb24-b9b9eb0d0eac
00520211213192944.0
100##$a20211120l1817 k y0rusy50 ca
1010#$arus
102##$aRU
105##$ay z |||||
1222#$ad18171231
$ad19171231
2001#$aЗаписки барона Шиллинга М. Ф. Выписки из статьи Попова "Сношения России с Римом"
$j[18--]
215##$a5 листов
251##$cДело
300##$aРукописный текст
300##$aНа папке дела: Без даты
330##$aВходит в раздел описи: 3. Документы о научной и литературной деятельности барона Шиллинга М. Ф.
461#0$1001ff9fc58f-089b-437b-980d-902343bc59d8
$12001
$aШиллинг Маврикий Фабианович, барон, секретарь русского посольства в Вене
$1251
$cФонд
$1852
$j813
462#0$1001665c067c-d934-4316-b9df-5bf0ad49190b
$12001
$aДела постоянного хранения. 1817-1917
$vД. 80
$1251
$cОпись
$1852
$j1
600#1$aШиллинг
$bМ. Ф.
$cбарон
$gМаврикий Фабианович
600#1$aПопов
801#0$aRU
$bGA_RF
801#1$aRU
$bГлавНИВЦ
$c20211120
$2rusmarc
801#2$aRU
$bПБ им. Б.Н. Ельцина
$c20211213
$gRCR
$2rusmarc
852##$aГА РФ
$j80
937##$d171546089
$hГАРФ
035##$aRuPRLIB51060966
856##$uhttp://readingroom.main.prlib.ru/item.aspx?id_node=n171546089&mode=full
Формат отображения